Skeletons in the closet (Record no. 76530)
[ view plain ]
| 000 -LEADER | |
|---|---|
| fixed length control field | 00653nam a2200169 a 4500 |
| 008 - FIXED-LENGTH DATA ELEMENTS--GENERAL INFORMATION | |
| fixed length control field | 120416s1982 ||||||||||||||||| || u |
| 020 ## - INTERNATIONAL STANDARD BOOK NUMBER | |
| International Standard Book Number | 0575032383 |
| 050 ## - LIBRARY OF CONGRESS CALL NUMBER | |
| Classification number | PS 3562.I515 Bla |
| 100 ## - MAIN ENTRY--PERSONAL NAME | |
| Personal name | Blaisdell, Anne |
| 245 10 - TITLE STATEMENT | |
| Title | Skeletons in the closet |
| 260 ## - PUBLICATION, DISTRIBUTION, ETC. | |
| Place of publication, distribution, etc. | London |
| Name of publisher, distributor, etc. | Victor Gollancz |
| Date of publication, distribution, etc. | 1982 |
| 300 ## - PHYSICAL DESCRIPTION | |
| Extent | v, 178p. |
| 350 ## - | |
| -- | 0.00 |
| 650 ## - SUBJECT ADDED ENTRY--TOPICAL TERM | |
| Topical term or geographic name entry element | ENGLISH LANGUAGE |
| 995 ## - | |
| -- | FICTION Collection |
| -- | 0.00 |
| -- | 726169 |
| -- | CBU-MAIN LIBRARY (Kitwe) |
| -- | 2 |
| -- | 6.95 |
| -- | PS 3562.I515 Bla |
| -- | 2 |
| -- | AVAILABLE |
| -- | 011207 |
| -- | Fiction Collection |
| 995 ## - | |
| -- | FICTION Collection |
| -- | 0.00 |
| -- | 720128 |
| -- | CBU-MAIN LIBRARY (Kitwe) |
| -- | 1 |
| -- | 6.95 |
| -- | PS 3562.I515 Bla |
| -- | 1 |
| -- | AVAILABLE |
| -- | 011208 |
| -- | Fiction Collection |
| 999 ## - | |
| -- | 76530 |
| -- | 76530 |
| Withdrawn status | Lost status | Source of classification or shelving scheme | Damaged status | Not for loan | Permanent Location | Current Location | Shelving location | Date acquired | Total Checkouts | Full call number | Barcode | Date last seen | Copy number | Price effective from | Koha item type |
|---|---|---|---|---|---|---|---|---|---|---|---|---|---|---|---|
| CBU-MAIN LIBRARY, KITWE. | CBU-MAIN LIBRARY, KITWE. | 04/25/2023 | PS 3562.I515 Bla | 011207 | 04/25/2023 | 1 | 04/25/2023 | FICTON COLLECTON | |||||||
| CBU-MAIN LIBRARY, KITWE. | CBU-MAIN LIBRARY, KITWE. | 04/25/2023 | PS 3562.I515 Bla | 011208 | 04/25/2023 | 2 | 04/25/2023 | FICTON COLLECTON |